000 00462nam a2200145Ia 4500
008 230917s9999||||xx |||||||||||||| ||und||
040 _e201160
_aMAIN
041 _aEnglish
082 _a891.433721 GB959CS
100 _aगुप्त, भैरवप्रसाद
245 0 _aछोटी सी शुरूआत
260 _aइलाहाबाद
_bलोकभारती प्रकाशन
_c2010
300 _a521 पृ. p.
942 _cHN
999 _c169883
_d169883